[Event "Mumbai Wealth op 7th"]
[Site "Mumbai"]
[Date "2022.12.26"]
[Round "1"]
[White "Madhav, Menon"]
[Black "Chakravarthi, Reddy M"]
[Result "0-1"]
[WhiteElo "1112"]
[BlackElo "2289"]
[PlyCount "64"]
[EventDate "2022.12.26"]
[EventType "swiss"]
[EventRounds "9"]
[EventCountry "IND"]
[SourceTitle "EXT 2024"]
[Source "ChessBase"]
[SourceDate "2023.10.10"]
[SourceVersion "1"]
[SourceVersionDate "2023.10.10"]
[SourceQuality "1"]

1. Nf3 d5 2. d4 Nf6 3. e3 c5 4. b3 cxd4 5. exd4 Nc6 6. Bd3 g6 7. Bb2 Bg7 8. 0-0 0-0 9. a3 Ne4 10. Nbd2 Nc5 11. Bb5 Ne6 12. Bxc6 bxc6 13. c4 c5 14. Ne5 Nxd4 15. Bxd4 cxd4 16. Nc6 Qd7 17. cxd5 Bb7 18. Rc1 e6 19. Nf3 Rfe8 20. Ncxd4 Qxd5 21. a4 a6 22. Rc4 Rac8 23. Qe2 e5 24. Nc2 e4 25. Nfd4 Rxc4 26. Qxc4 Qxc4 27. bxc4 Rc8 28. Rb1 Rxc4 29. Rxb7 Bxd4 30. Ne3 Rc1+ 31. Nf1 e3 32. g3 e2 0-1